LEADER 01204nam a22002651i 4500 001 991000611649707536 005 20030128153537.0 008 021019s1973 fr |||||||||||||||||fre 020 $a2252014806 035 $ab12029853-39ule_inst 035 $aARCHE-011965$9ExL 040 $aDip.to Filologia Ling. e Lett.$bita$cA.t.i. Arché s.c.r.l. Pandora Sicilia s.r.l. 245 03$aLa linguistique catalane :$bcolloque international organisé par le Centre de philologie et de littératures romanes de l'Université de Strasbourg du 23 au 27 avril 1968 /$cactes publ. par Antonio Badía Margarit et Georges Straka 260 $aParis :$bKlincksieck,$c1973 300 $a461 p. ;$c23 cm 490 0 $aActes et colloques ;$v11 700 1 $aBadia i Margarit, Antoni M.$d<1920- > 700 1 $aStraka, Georges 710 2 $aCentre de philologie et de littérature romanes 907 $a.b12029853$b28-04-17$c01-04-03 912 $a991000611649707536 945 $aLE008 FL.M. (f.r.) XVII 34$g1$i2008000505301$lle008$o-$pE0.00$q-$rl$s- $t0$u0$v0$w0$x0$y.i12320092$z01-04-03 996 $aLinguistique catalane$9142849 997 $aUNISALENTO 998 $ale008$b01-04-03$cm$da $e-$ffre$gfr $h3$i1 LEADER 02681oas 22010573 450 001 9910154495703321 005 20251025213014.0 011 $a2373-3357 035 $a(OCoLC)880899727 035 $a(CONSER) 2014200482 035 $a(CKB)2550000001347496 035 $a(EXLCZ)992550000001347496 100 $a20140603a20159999 uy a 101 0 $aeng 135 $aur||||||||||| 181 $ctxt$2rdacontent 182 $cc$2rdamedia 183 $acr$2rdacarrier 200 00$aNew directions for student leadership 210 1$a[San Francisco, CA] :$cJossey-Bass, A Wiley Brand,$d[2015]- 215 $a1 online resource 300 $aEach volume has a distinctive title. 311 08$a2373-3349 531 0 $aNew dir. stud. leadersh. 606 $aYouth$xMental health services$vPeriodicals 606 $aAdolescent psychology$vPeriodicals 606 $aAdolescent 606 $aAdolescent Behavior 606 $aPersonality Development 606 $aPsychology, Adolescent 606 $aAdolescent psychology$2fast$3(OCoLC)fst00797018 606 $aYouth$xMental health services$2fast$3(OCoLC)fst01183476 606 $aPsicologia de l'adolescència$2thub 608 $aPeriodical. 608 $aPeriodicals.$2fast 608 $aPeriodicals.$2lcgft 608 $aRevistes electròniques.$2thub 615 0$aYouth$xMental health services 615 0$aAdolescent psychology 615 2$aAdolescent. 615 2$aAdolescent Behavior. 615 2$aPersonality Development. 615 2$aPsychology, Adolescent. 615 7$aAdolescent psychology. 615 7$aYouth$xMental health services. 615 7$aPsicologia de l'adolescència. 676 $a155.5 801 0$bDLC 801 1$bDLC 801 2$bDLC 801 2$bDKU 801 2$bOCLCO 801 2$bOCLCF 801 2$bTXA 801 2$bDLC 801 2$bCUI 801 2$bZYU 801 2$bDLC 801 2$bCOO 801 2$bOCLCQ 801 2$bUAB 801 2$bNLE 801 2$bBUF 801 2$bREB 801 2$bOCLCO 801 2$bOCLCQ 801 2$bELW 801 2$bOCLCO 801 2$bAU@ 801 2$bOCLCO 801 2$bUKMGB 801 2$bWYU 801 2$bU3W 801 2$bOCLCO 801 2$bOCLCQ 801 2$bOCLCO 801 2$bVT2 801 2$bOCLCO 801 2$bSFB 801 2$bOCLCO 801 2$bOCLCA 801 2$bUBY 801 2$bQGK 801 2$bOCLCQ 801 2$bCUS 801 2$bOCLCQ 801 2$bOCLCL 906 $aJOURNAL 912 $a9910154495703321 996 $aNew directions for student leadership$91938651 997 $aUNINA